| 000 | 02650nam a2200313 4500 | ||
|---|---|---|---|
| 001 | 114096 | ||
| 003 | DR-UNIBE | ||
| 005 | 20250922111115.0 | ||
| 008 | 250922b2013 dr ||||| |||| 00| 0 spa d | ||
| 020 | _a9789945868395 | ||
| 040 |
_aBIBLIOTECA UNIBE _cBIBLIOTECA UNIBE _bspa _erda |
||
| 041 | _aspa | ||
| 082 |
_222 _aRD 306.362 R282e |
||
| 100 | 1 | 0 |
_aRead Ortiz, Alexis _9199349 _eautor |
| 245 | 1 | 3 |
_aDe esclavos y montoneros : _blos combates de El Memiso y El Pinar / _cAlexis Read Ortiz |
| 250 | _aPrimera edición | ||
| 260 |
_aSanto Domingo : _bFundación García Arévalo, _c2013 |
||
| 300 |
_a638 páginas : _bilustraciones b/n, color ; _c23 x 17 cm |
||
| 500 | _aComentario de la obra en la contraportada | ||
| 505 | _aDedicatoria | Agradecimientos | Prólogo: los aportes a la nueva historia dominicana de Alexis Read | Anotaciones previas | Primera anotación | Segunda anotación | Capítulo I Maniel : de la trata y la esclavitud | Capítulo II un honorable negocio | Capítulo III la trata negra | Capítulo IV el universo de la esclavitud | Capítulo V las rebeliones de esclavos : El Cimarrón | Capítulo VI los Manieles | Capítulo VII los Manieles de Ocoa | Capítulo VIII el Maniel o San José de Ocoa | Capítulo IX la búsqueda de la identidad nacional | Capítulo X la unificación coin Haití | Capítulo XI la independencia, la quimera de una República Dominicana | Capítulo XII la reacción del Estado haitiano ante el hecho cumplido de la separación, el ejército haitiano y su armamento | Capítulo XIII e ejército dominicano y su armamento | Capítulo XIV los hateros y monteros: héroes de las guerras de independencia | Capítulo XV el frente sur: numancia de la patria | Capítulo XVI las avenidas de la invasion. Problemas que plantea el abordaje de las acciones en El Memiso y El Pinar | Capítulo XVII El Memiso: lo vegetal y lo humano | Capítulo XVIII el Maniel es El Pinar | Capítulo XIX el combate de El Pinar | Capítulo XX de pequeñeces y de grandezas. Vindicación de El Memiso y el Pinar Epílogo | Bibliografía | Índice onomástico | Índice toponímico | ||
| 650 |
_2lemb _aEsclavos _xHistoria _zSan José de Ocoa _9199353 |
||
| 650 | 7 |
_2lemb _aMontoneros _xHistoria _zSan José de Ocoa _9199354 |
|
| 651 | 7 |
_2lemb _aRepública Dominicana _xGuerras de la Separación _y1844-1856 _9199352 |
|
| 700 | 1 | 0 |
_aDespradel Cabral, Alberto Emilio, _d1948- _949586 _eprologuista |
| 700 | 1 | 0 |
_aAlmánzar Rodríguez, Luz _924130 _ecorrector de estilo |
| 700 | 1 | 0 |
_aCasado, Yissel _955534 _ediagramador |
| 700 | 1 | 0 |
_aRead, Enrique _9148123 _ediseñador de portada |
| 942 |
_2ddc _cBK |
||
| 999 |
_c114096 _d114096 |
||